MARC

LEADER 00000nam0a2200000 4500
001 350356
005 20231101040403.0
035 |a (RuTPU)RU\TPU\retro\4381 
035 |a RU\TPU\book\58931 
090 |a 350356 
100 |a 20190124d1970 m y0rusy50 ca 
101 0 |a rus 
102 |a RU 
105 |a a j 001zy 
200 1 |a Основы физики полупроводниковых приборов  |e учебное пособие  |f Я. А. Федотов 
205 |a 2-е изд., испр. и доп. 
210 |a Москва  |c Советское радио  |d 1970 
215 |a 592 с.  |c ил. 
320 |a Библиогр.: с. 580-581 
320 |a Предметный указатель: с. 582-587 
610 1 |a полупроводники 
610 1 |a полупроводниковые приборы 
610 1 |a физика 
610 1 |a электронно-дырочные переходы 
610 1 |a импульсные диоды 
610 1 |a диоды сверхвысокочастотные 
610 1 |a биполярные транзисторы 
610 1 |a дрейфовые транзисторы 
610 1 |a униполярные транзисторы 
610 1 |a тиристоры 
610 1 |a фотоэлектрические приборы 
610 1 |a производство 
610 1 |a надежность 
610 1 |a стабильность 
610 1 |a учебные пособия 
675 |a 621.315.59(075.8)  |v 3 
700 1 |a Федотов  |b Я. А.  |g Яков Андреевич 
801 1 |a RU  |b 63413507  |c 20030924  |g PSBO 
801 2 |a RU  |b 63413507  |c 20210302  |g PSBO 
942 |c BK